000 00658nam a2200241Ia 4500
005 20260121113215.0
008 12152 260114s9999 xx 000 0 eng d
020 _a9789814434461
037 _aEBOOK
040 _aCRL
_beng
_cCRL
041 _aeng
_2eng
084 _qCRL
100 _aBrink L Et Al
_9969926
245 0 _aPhysics and Mathematics of Strings: Memorial Volume for Vadim Knizhnik
260 _bWorld Scientific
260 _bWSPC
260 _c1990
650 _aPhysics
_9969927
856 _uhttps://www.worldscientific.com/worldscibooks/10.1142/0895#t=toc
942 _cEBOOK
999 _c1549452
_d1549452